000 00687nam a22001817a 4500
003 NUST
005 20260126132827.0
082 _a621.382,GUL
100 _aGulzar, Wasif
_9132896
245 _aGesture controlled drone /
_cWasif Gulzar, Usman Anis Khan, Nouman Siddique and Baasim Mustafa (BETE-53)
260 _aRawalpindi
_bMCS (NUST)
_cJuly, 2020
300 _axii, 19 p.;
505 _aIntroduction (Page-1), Literature Review (Page-5), Detailed Design (Page-70), Recommendations and Future Work (Page-12), References (Page-13).
650 _aUG Project
_9131132
651 _aBETE-53
_9132872
700 _aSupervised by Asst Prof. Dr. Mir Yasir Umair
_9132897
942 _2ddc
_cPR
999 _c615920
_d615920